[Event "ISR-chT (Women)"]
[Site "Ramat Gan"]
[Date "2023.07.07"]
[Round "3.4"]
[White "Botvinnik, Irina"]
[Black "Karavaeva, Olga"]
[Result "0-1"]
[WhiteElo "2211"]
[BlackElo "2260"]
[PlyCount "42"]
[EventDate "2023.07.06"]
[EventType "team-swiss"]
[EventRounds "5"]
[EventCountry "ISR"]
[SourceTitle "CBM 215 Extra"]
[Source "ChessBase"]
[SourceDate "2023.09.30"]
[SourceVersion "1"]
[SourceVersionDate "2023.09.30"]
[SourceQuality "1"]
[WhiteTeam "Kfar Saba Hapoel (W)"]
[BlackTeam "Shualot Gambit Krayot (W)"]
[WhiteTeamCountry "ISR"]
[BlackTeamCountry "ISR"]

1. c4 e6 2. g3 d5 3. Bg2 c6 4. Qc2 Nf6 5. e3 Nbd7 6. Ne2 dxc4 7. Qxc4 Ne5 8. Qc2 Nd3+ 9. Kf1 Be7 10. a3 0-0 11. Nbc3 e5 12. Ne4 Bf5 13. N2c3 Qd7 14. Nxf6+ Bxf6 15. e4 Be6 16. Nd5 Nxc1 17. Nxf6+ gxf6 18. Rxc1 Rad8 19. Ke1 Qd4 20. Bf1 Bb3 21. Qxb3 Qxd2# 0-1

[Event "Titled Tuesday intern op 19th Apr Early"]
[Site "Chess.com INT"]
[Date "2022.04.19"]
[Round "3"]
[White "Karavaeva, Olga"]
[Black "Constantinou, Peter"]
[Result "1-0"]
[WhiteElo "2260"]
[BlackElo "2268"]
[PlyCount "77"]
[EventDate "2022.04.19"]
[EventType "swiss (blitz)"]
[EventRounds "11"]
[EventCountry "USA"]
[SourceTitle "EXT 2023"]
[Source "ChessBase"]
[SourceDate "2022.10.05"]
[SourceVersion "1"]
[SourceVersionDate "2022.10.05"]
[SourceQuality "1"]

1. c4 e5 2. Nc3 Nc6 3. g3 g6 4. Bg2 Bg7 5. Nf3 d6 6. h3 h6 7. b3 Be6 8. Bb2 Nge7 9. 0-0 0-0 10. e3 d5 11. cxd5 Nxd5 12. d4 exd4 13. Nxd4 Nxd4 14. exd4 c6 15. Re1 Nxc3 16. Bxc3 Bd5 17. Qd3 Bxg2 18. Kxg2 Qd7 19. Rad1 Rad8 20. Re4 Rfe8 21. Rde1 Qd5 22. f3 Rxe4 23. fxe4 Qd7 24. Rd1 Re8 25. Qf3 Qe7 26. Re1 c5 27. dxc5 Qxc5 28. Bxg7 Kxg7 29. Re2 Re7 30. h4 h5 31. a4 a5 32. e5 Rxe5 33. Rxe5 Qxe5 34. Qxb7 Qe2+ 35. Kg1 Qe1+ 36. Kg2 Qe2+ 37. Kg1 Qe3+ 38. Kg2 Qe4+ 39. Qxe4 1-0

[Event "Titled Tuesday intern op 19th Apr Early"]
[Site "Chess.com INT"]
[Date "2022.04.19"]
[Round "10"]
[White "Karavaeva, Olga"]
[Black "Sliwicki, Damian"]
[Result "0-1"]
[WhiteElo "2260"]
[BlackElo "2168"]
[PlyCount "44"]
[EventDate "2022.04.19"]
[EventType "swiss (blitz)"]
[EventRounds "11"]
[EventCountry "USA"]
[SourceTitle "EXT 2023"]
[Source "ChessBase"]
[SourceDate "2022.10.05"]
[SourceVersion "1"]
[SourceVersionDate "2022.10.05"]
[SourceQuality "1"]

1. c4 Nf6 2. Nc3 e6 3. e4 c5 4. e5 Ng8 5. f4 d5 6. cxd5 exd5 7. d4 Nc6 8. Nf3 Bg4 9. Bb5 cxd4 10. Qxd4 Bxf3 11. gxf3 Qh4+ 12. Qf2 Qxf2+ 13. Kxf2 Bc5+ 14. Kg3 Nge7 15. Rd1 0-0-0 16. Bd3 h5 17. a3 h4+ 18. Kh3 Nd4 19. Rf1 Ng6 20. b4 Bb6 21. Bb2 Nxf4+ 22. Kg4 Nxd3 0-1

[Event "Titled Tuesday intern op 19th Apr Early"]
[Site "Chess.com INT"]
[Date "2022.04.19"]
[Round "6"]
[White "Karavaeva, Olga"]
[Black "Vidonyak, Roman"]
[Result "0-1"]
[WhiteElo "2260"]
[BlackElo "2442"]
[PlyCount "92"]
[EventDate "2022.04.19"]
[EventType "swiss (blitz)"]
[EventRounds "11"]
[EventCountry "USA"]
[SourceTitle "EXT 2023"]
[Source "ChessBase"]
[SourceDate "2022.10.05"]
[SourceVersion "1"]
[SourceVersionDate "2022.10.05"]
[SourceQuality "1"]

1. c4 e5 2. Nc3 Bb4 3. Nd5 Be7 4. g3 Nf6 5. Nxe7 Qxe7 6. Bg2 0-0 7. e3 Nc6 8. Ne2 d6 9. 0-0 Bf5 10. d4 exd4 11. Nxd4 Nxd4 12. Qxd4 Be4 13. f3 Bf5 14. e4 Bd7 15. Bg5 Qe5 16. Bxf6 gxf6 17. Rad1 Bc6 18. Qd2 Kh8 19. b3 Rg8 20. Kh1 Rae8 21. Rfe1 Qh5 22. Qf4 Qg5 23. Bh3 Rg6 24. Bf5 Rh6 25. Rd2 Rg8 26. Bg4 b6 27. Rg2 a5 28. Kg1 Qc5+ 29. Kh1 Rhg6 30. h4 Qb4 31. Ree2 Qc3 32. h5 R6g7 33. Kh2 a4 34. Re3 Qe5 35. Qf5 Rg5 36. Qxe5 fxe5 37. b4 f6 38. Kh3 Be8 39. Kh4 Bf7 40. f4 Rxg4+ 41. Kh3 exf4 42. Rf3 fxg3 43. Rxf6 Bxh5 44. Re6 Bf7 45. Re7 Bxc4 46. Rxc7 Bf1 0-1

[Event "Titled Tuesday intern op 19th Apr Early"]
[Site "Chess.com INT"]
[Date "2022.04.19"]
[Round "5"]
[White "Karavaeva, Olga"]
[Black "Wagner, Dinara"]
[Result "0-1"]
[WhiteElo "2260"]
[BlackElo "2321"]
[PlyCount "70"]
[EventDate "2022.04.19"]
[EventType "swiss (blitz)"]
[EventRounds "11"]
[EventCountry "USA"]
[SourceTitle "EXT 2023"]
[Source "ChessBase"]
[SourceDate "2022.10.05"]
[SourceVersion "1"]
[SourceVersionDate "2022.10.05"]
[SourceQuality "1"]

1. c4 Nf6 2. Nc3 c5 3. g3 d5 4. cxd5 Nxd5 5. Bg2 Nc7 6. Nf3 Nc6 7. 0-0 e5 8. d3 Be7 9. h3 f6 10. Be3 Be6 11. Kh2 Rc8 12. a3 0-0 13. Rc1 Qd7 14. Ne4 b6 15. Nfd2 Nd5 16. Nc4 Nxe3 17. Nxe3 Nd4 18. Nc4 Rcd8 19. a4 Kh8 20. b3 Bd5 21. Qd2 Nxb3 22. Qc3 Nxc1 23. Rxc1 Qe6 24. Ne3 Ba8 25. a5 f5 26. Nd2 Bxg2 27. Nxg2 Bg5 28. axb6 axb6 29. f4 exf4 30. gxf4 Bf6 31. Qb3 Qxe2 32. Nc4 Rxd3 33. Qxb6 Bh4 34. Ne5 Bg3+ 35. Kh1 Rd1+ 0-1

[Event "Titled Tuesday intern op 19th Apr Early"]
[Site "Chess.com INT"]
[Date "2022.04.19"]
[Round "1"]
[White "Maksimenko, Viktor"]
[Black "Karavaeva, Olga"]
[Result "1-0"]
[WhiteElo "2181"]
[BlackElo "2260"]
[PlyCount "61"]
[EventDate "2022.04.19"]
[EventType "swiss (blitz)"]
[EventRounds "11"]
[EventCountry "USA"]
[SourceTitle "EXT 2023"]
[Source "ChessBase"]
[SourceDate "2022.10.05"]
[SourceVersion "1"]
[SourceVersionDate "2022.10.05"]
[SourceQuality "1"]

1. d4 d5 2. c4 e6 3. Nf3 c6 4. g3 Nf6 5. Bg2 Nbd7 6. 0-0 dxc4 7. a4 b5 8. axb5 cxb5 9. Ne5 Nd5 10. e4 N5f6 11. Nc6 Qb6 12. d5 Bc5 13. dxe6 fxe6 14. e5 Bb7 15. exf6 Bxc6 16. fxg7 Rg8 17. Qh5+ Ke7 18. Bg5+ Kd6 19. Qxh7 Bd4 20. Rd1 Kc7 21. Bxc6 Kxc6 22. Qe4+ Kc7 23. Qxd4 Qxd4 24. Rxd4 Rxg7 25. Be3 a5 26. Na3 Rb8 27. Rad1 Rb7 28. h4 e5 29. Rd5 Kc6 30. h5 Rh7 31. h6 1-0

[Event "Titled Tuesday intern op 19th Apr Early"]
[Site "Chess.com INT"]
[Date "2022.04.19"]
[Round "4"]
[White "Petrovic, Aleksa"]
[Black "Karavaeva, Olga"]
[Result "1-0"]
[WhiteElo "2266"]
[BlackElo "2260"]
[PlyCount "85"]
[EventDate "2022.04.19"]
[EventType "swiss (blitz)"]
[EventRounds "11"]
[EventCountry "USA"]
[SourceTitle "EXT 2023"]
[Source "ChessBase"]
[SourceDate "2022.10.05"]
[SourceVersion "1"]
[SourceVersionDate "2022.10.05"]
[SourceQuality "1"]

1. d4 d5 2. c4 e6 3. Nf3 c6 4. Qc2 Nf6 5. Nbd2 Nbd7 6. e4 dxe4 7. Nxe4 Nxe4 8. Qxe4 Be7 9. Bd3 c5 10. Bc2 Nf6 11. Qe2 cxd4 12. 0-0 0-0 13. Rd1 Qb6 14. Rxd4 Rd8 15. Be3 Rxd4 16. Nxd4 Qa5 17. g4 h6 18. h4 e5 19. Nf5 Bc5 20. b4 Bxb4 21. g5 hxg5 22. hxg5 Nh7 23. Nxg7 Kxg7 24. Qh5 Nf8 25. Qh6+ Kg8 26. Kg2 Qa6 27. g6 Qc6+ 28. f3 fxg6 29. Be4 Qf6 30. Bg5 Qg7 31. Bd5+ Be6 32. Qh4 Bxd5 33. cxd5 Rc8 34. Qxb4 Qf7 35. Qe4 b5 36. Rh1 Rc4 37. Qxe5 Qg7 38. Bf6 Rc2+ 39. Kg3 Qd7 40. Rh8+ Kf7 41. Bg7 Qe7 42. Rxf8+ Qxf8 43. Bxf8 1-0

[Event "Titled Tuesday intern op 29th Mar Early"]
[Site "Chess.com INT"]
[Date "2022.03.29"]
[Round "4"]
[White "Gu, Xiaobing"]
[Black "Karavaeva, Olga"]
[Result "0-1"]
[WhiteElo "2219"]
[BlackElo "2260"]
[PlyCount "32"]
[EventDate "2022.03.29"]
[EventType "swiss (blitz)"]
[EventRounds "11"]
[EventCountry "USA"]
[SourceTitle "CBM 207 Extra"]
[Source "ChessBase"]
[SourceDate "2022.05.31"]
[SourceVersion "1"]
[SourceVersionDate "2022.05.31"]
[SourceQuality "1"]

1. e4 c5 2. Nf3 e6 3. c4 d5 4. exd5 exd5 5. cxd5 Qxd5 6. Nc3 Qd8 7. d4 Nf6 8. Bc4 Bg4 9. 0-0 cxd4 10. Qb3 Be7 11. Bxf7+ Kf8 12. Ne5 dxc3 13. Qxb7 Nbd7 14. Nxg4 Kxf7 15. Rd1 Rb8 16. Ne5+ Nxe5 0-1

[Event "Titled Tuesday intern op 29th Mar Early"]
[Site "Chess.com INT"]
[Date "2022.03.29"]
[Round "8"]
[White "Karavaeva, Olga"]
[Black "Prohorov, Olexandr"]
[Result "1-0"]
[WhiteElo "2260"]
[BlackElo "2086"]
[PlyCount "97"]
[EventDate "2022.03.29"]
[EventType "swiss (blitz)"]
[EventRounds "11"]
[EventCountry "USA"]
[SourceTitle "CBM 207 Extra"]
[Source "ChessBase"]
[SourceDate "2022.05.31"]
[SourceVersion "1"]
[SourceVersionDate "2022.05.31"]
[SourceQuality "1"]

1. c4 g6 2. Nc3 Bg7 3. g3 f5 4. Bg2 Nf6 5. e3 0-0 6. Nge2 d6 7. d4 e5 8. dxe5 dxe5 9. Nd5 e4 10. Nef4 Na6 11. 0-0 Ng4 12. h3 Ne5 13. Qe2 c6 14. Nc3 Nc5 15. b3 Nf3+ 16. Bxf3 Bxc3 17. Rb1 exf3 18. Qxf3 Ne4 19. Rd1 Qe7 20. h4 Bg7 21. Bb2 Bxb2 22. Rxb2 b6 23. Rd4 Bb7 24. b4 c5 25. bxc5 Nxc5 26. Qd1 Rad8 27. Rbd2 Rde8 28. Nd5 Qe5 29. h5 g5 30. f4 Qg7 31. h6 Qxh6 32. Rh2 Qg7 33. Qf3 Bxd5 34. Qxd5+ Kh8 35. fxg5 Qxg5 36. Kg2 Ne4 37. Rh3 Qxe3 38. Qd7 Ng5 39. Rxh7+ Nxh7 40. Rh4 Qe2+ 41. Kh3 Re7 42. Qd4+ Qe5 43. Qd2 f4 44. g4 Qf5 45. gxf5 Rxf5 46. Qd4+ Kg8 47. Qd8+ Kf7 48. Rxh7+ Ke6 49. Qxe7# 1-0

[Event "Titled Tuesday intern op 29th Mar Early"]
[Site "Chess.com INT"]
[Date "2022.03.29"]
[Round "10"]
[White "Omariev, Maksim"]
[Black "Karavaeva, Olga"]
[Result "0-1"]
[WhiteElo "2304"]
[BlackElo "2260"]
[PlyCount "68"]
[EventDate "2022.03.29"]
[EventType "swiss (blitz)"]
[EventRounds "11"]
[EventCountry "USA"]
[SourceTitle "CBM 207 Extra"]
[Source "ChessBase"]
[SourceDate "2022.05.31"]
[SourceVersion "1"]
[SourceVersionDate "2022.05.31"]
[SourceQuality "1"]

1. g4 d5 2. Bg2 c6 3. h3 h5 4. g5 g6 5. d4 Bg7 6. c4 e6 7. Nf3 dxc4 8. a4 Nd7 9. Na3 Ne7 10. Nxc4 0-0 11. Bf4 Nb6 12. Nd6 Nf5 13. Ne4 Nxd4 14. Bd6 Nxf3+ 15. Bxf3 Re8 16. Qc2 Nd5 17. h4 e5 18. Ba3 Bf5 19. Qb3 Qb6 20. Qxb6 axb6 21. Nd6 Re6 22. Nxb7 e4 23. Bg2 c5 24. 0-0-0 Nf4 25. Bf1 Rxa4 26. e3 Nd3+ 27. Bxd3 exd3 28. Rhe1 Rc4+ 29. Kb1 d2+ 30. Ka2 dxe1Q 31. Rxe1 Rc2 32. f3 Re7 33. Nd6 Ra7 34. e4 Rxb2+ 0-1

[Event "Titled Tuesday intern op 22 Mar Early"]
[Site "Chess.com INT"]
[Date "2022.03.22"]
[Round "9"]
[White "Hernandez Bonilla, Amelia"]
[Black "Karavaeva, Olga"]
[Result "1-0"]
[WhiteElo "2002"]
[BlackElo "2260"]
[PlyCount "123"]
[EventDate "2022.03.22"]
[EventType "swiss (blitz)"]
[EventRounds "11"]
[EventCountry "USA"]
[SourceTitle "CBM 207 Extra"]
[Source "ChessBase"]
[SourceDate "2022.05.31"]
[SourceVersion "1"]
[SourceVersionDate "2022.05.31"]
[SourceQuality "1"]

1. d4 d5 2. Bf4 Nf6 3. e3 Bf5 4. c4 e6 5. Qb3 b6 6. Nc3 c6 7. Nf3 Be7 8. Ne5 0-0 9. Rc1 h6 10. Be2 Nfd7 11. cxd5 Nxe5 12. Bxe5 exd5 13. 0-0 Nd7 14. Bg3 Nf6 15. Ba6 Qd7 16. h3 Rfe8 17. Ne2 Ne4 18. Qa4 b5 19. Qa5 Nxg3 20. Nxg3 Bg6 21. a4 b4 22. Rfd1 Rab8 23. Bd3 Bxd3 24. Rxd3 Bd8 25. Qc5 Re6 26. Ne2 Be7 27. Qc2 Bd6 28. b3 Rg6 29. Kh1 Qf5 30. Ng1 Bc7 31. Rd2 Qd7 32. f4 Re8 33. Re2 Rg3 34. Rce1 Re6 35. Nf3 Reg6 36. Ne5 Rxh3+ 37. gxh3 Qxh3+ 38. Rh2 Qg3 39. Qf2 Bxe5 40. Qxg3 Rxg3 41. fxe5 g5 42. Rg2 Rh3+ 43. Kg1 Kg7 44. Kf2 Rh4 45. Reg1 Re4 46. Rg4 Kg6 47. Kf3 Rxg4 48. Rxg4 h5 49. Rg1 Kf5 50. Ke2 g4 51. Kd3 h4 52. Rf1+ Kg5 53. e4 h3 54. Ke3 h2 55. exd5 cxd5 56. Rh1 g3 57. Kf3 Kh4 58. Kg2 Kg4 59. Rc1 Kf4 60. Rf1+ Ke4 61. Rxf7 Kxd4 62. e6 1-0

[Event "Titled Tuesday intern op 01st Mar Early"]
[Site "Chess.com INT"]
[Date "2022.03.01"]
[Round "1"]
[White "Karavaeva, Olga"]
[Black "Horobetz, Graham"]
[Result "0-1"]
[WhiteElo "2260"]
[BlackElo "2033"]
[PlyCount "100"]
[EventDate "2022.03.01"]
[EventType "swiss (blitz)"]
[EventRounds "11"]
[EventCountry "USA"]
[SourceTitle "CBM 207 Extra"]
[Source "ChessBase"]
[SourceDate "2022.05.31"]
[SourceVersion "1"]
[SourceVersionDate "2022.05.31"]
[SourceQuality "1"]

1. c4 c5 2. Nc3 g6 3. g3 Bg7 4. Bg2 Nc6 5. Nf3 e5 6. 0-0 Nge7 7. Ne1 d6 8. Nc2 Be6 9. Ne3 Qd7 10. Re1 h5 11. h4 g5 12. hxg5 h4 13. g4 h3 14. Bf3 Nd4 15. d3 Ng6 16. Bd2 Nh4 17. Ne4 0-0-0 18. b4 b6 19. a4 cxb4 20. Bxb4 Qe7 21. a5 b5 22. cxb5 f5 23. gxf6 Bxf6 24. b6 a6 25. Qc1+ Kb8 26. Qc7+ Qxc7 27. bxc7+ Kxc7 28. Nxf6 Nhxf3+ 29. exf3 Nxf3+ 30. Kh1 Nxe1 31. Rxe1 d5 32. Nfxd5+ Bxd5+ 33. Nxd5+ Rxd5 34. Re3 Rh4 35. f3 Kd7 36. Kh2 Ke6 37. Be1 Rh7 38. f4 Rhd7 39. Bg3 Rxd3 40. Rxe5+ Kf7 41. Kxh3 Ra3 42. Kh4 Rdd3 43. Be1 Re3 44. Rf5+ Kg6 45. Rg5+ Kh6 46. Rh5+ Kg7 47. Bf2 Rh3+ 48. Kg5 Rxh5+ 49. Kxh5 Rxa5+ 50. f5 Rd5 0-1

[Event "Titled Tuesday intern op 01st Feb-A"]
[Site "Chess.com INT"]
[Date "2022.02.01"]
[Round "9"]
[White "Balabayeva, Kseniya"]
[Black "Karavaeva, Olga"]
[Result "0-1"]
[WhiteElo "2179"]
[BlackElo "2260"]
[PlyCount "48"]
[EventDate "2022.02.01"]
[EventType "swiss (blitz)"]
[EventRounds "11"]
[EventCountry "USA"]
[SourceTitle "CBM 206 Extra"]
[Source "ChessBase"]
[SourceDate "2022.03.31"]
[SourceVersion "1"]
[SourceVersionDate "2022.03.31"]
[SourceQuality "1"]

1. e4 c5 2. Nf3 e6 3. g3 Nf6 4. e5 Nd5 5. Bg2 Be7 6. 0-0 0-0 7. Nc3 Nxc3 8. dxc3 Nc6 9. Bf4 b6 10. h4 Bb7 11. Qe2 Qc7 12. Rfd1 Rad8 13. h5 d6 14. h6 g6 15. Rd3 Rd7 16. Qd2 Rfd8 17. Rd1 d5 18. Qe1 Ba6 19. R3d2 d4 20. cxd4 Nxd4 21. Nxd4 Rxd4 22. c3 Rxd2 23. Rxd2 Rxd2 24. Qd1 Rxd1+ 0-1

[Event "Titled Tuesday intern op 01st Feb-A"]
[Site "Chess.com INT"]
[Date "2022.02.01"]
[Round "6"]
[White "Karavaeva, Olga"]
[Black "Krylov, Ivan"]
[Result "1/2-1/2"]
[WhiteElo "2260"]
[BlackElo "2426"]
[PlyCount "90"]
[EventDate "2022.02.01"]
[EventType "swiss (blitz)"]
[EventRounds "11"]
[EventCountry "USA"]
[SourceTitle "CBM 206 Extra"]
[Source "ChessBase"]
[SourceDate "2022.03.31"]
[SourceVersion "1"]
[SourceVersionDate "2022.03.31"]
[SourceQuality "1"]

1. c4 e6 2. g3 d5 3. Bg2 Nf6 4. b3 Be7 5. Bb2 0-0 6. Nf3 b6 7. 0-0 Bb7 8. d3 Nbd7 9. Nbd2 c5 10. cxd5 Nxd5 11. d4 Rc8 12. Rc1 N7f6 13. Ne5 cxd4 14. Rxc8 Qxc8 15. Bxd4 h6 16. h3 Nb4 17. a3 Bxg2 18. Kxg2 Nc2 19. Bb2 Nxa3 20. Qa1 Nb5 21. Rc1 Qb7+ 22. f3 Nd5 23. Ng4 f6 24. e4 Nb4 25. Nf2 e5 26. Qa4 Nd4 27. Bxd4 exd4 28. Qb5 Bc5 29. Qc4+ Kh8 30. f4 f5 31. Kh2 fxe4 32. Ndxe4 Rc8 33. Qe6 Qc7 34. Ng4 Qc6 35. Qf7 Qxe4 36. Nxh6 Qe2+ 37. Kh1 gxh6 38. Qf6+ Kg8 39. Qg6+ Kf8 40. Qf5+ Ke7 41. Qxc8 Qf3+ 42. Kh2 Qf2+ 43. Kh1 Qf3+ 44. Kh2 Qf2+ 45. Kh1 Qf3+ 1/2-1/2

[Event "Titled Tuesday intern op 01st Feb-A"]
[Site "Chess.com INT"]
[Date "2022.02.01"]
[Round "3"]
[White "Karavaeva, Olga"]
[Black "Stankovic, Ivan G"]
[Result "1-0"]
[WhiteElo "2260"]
[BlackElo "2255"]
[PlyCount "89"]
[EventDate "2022.02.01"]
[EventType "swiss (blitz)"]
[EventRounds "11"]
[EventCountry "USA"]
[SourceTitle "CBM 206 Extra"]
[Source "ChessBase"]
[SourceDate "2022.03.31"]
[SourceVersion "1"]
[SourceVersionDate "2022.03.31"]
[SourceQuality "1"]

1. c4 c5 2. Nc3 Nc6 3. Nf3 e5 4. g3 g6 5. Bg2 Bg7 6. 0-0 Nge7 7. Ne1 d6 8. Nc2 Be6 9. Ne3 0-0 10. h3 Rb8 11. Rb1 a6 12. a4 Qd7 13. Kh2 f5 14. b3 f4 15. Ned5 g5 16. e3 Bf5 17. d3 Nxd5 18. Nxd5 Ne7 19. exf4 exf4 20. gxf4 Nxd5 21. Bxd5+ Kh8 22. fxg5 Bxh3 23. f4 Bxf1 24. Qxf1 Qg4 25. Qg2 Qh4+ 26. Qh3 Rxf4 27. Bxf4 Qxf4+ 28. Kh1 Qxg5 29. Rg1 Qh6 30. Qxh6 Bxh6 31. Re1 b5 32. cxb5 axb5 33. a5 Bd2 34. Ra1 c4 35. dxc4 bxc4 36. bxc4 Bc3 37. Ra2 Rb1+ 38. Kg2 Bd4 39. a6 Ba7 40. Re2 Rg1+ 41. Kh2 h6 42. Re6 Ra1 43. Re8+ Kg7 44. Re7+ Kf6 45. Rxa7 1-0

[Event "Titled Tuesday intern op 11th Jan"]
[Site "Chess.com INT"]
[Date "2022.01.11"]
[Round "5"]
[White "Karavaeva, Olga"]
[Black "Omariev, Maksim"]
[Result "0-1"]
[WhiteElo "2260"]
[BlackElo "2304"]
[PlyCount "106"]
[EventDate "2022.01.11"]
[EventType "swiss (blitz)"]
[EventRounds "11"]
[EventCountry "USA"]
[SourceTitle "CBM 206 Extra"]
[Source "ChessBase"]
[SourceDate "2022.03.31"]
[SourceVersion "1"]
[SourceVersionDate "2022.03.31"]
[SourceQuality "1"]

1. c4 g5 2. Nc3 Bg7 3. g3 d6 4. Bg2 Nc6 5. e3 e5 6. Nge2 Be6 7. b3 Qd7 8. h4 gxh4 9. Rxh4 Nge7 10. Nd5 Ng6 11. Rh1 0-0-0 12. Bb2 h5 13. a3 h4 14. Qc2 f5 15. 0-0-0 Kb8 16. f4 e4 17. d3 exd3 18. Qxd3 Bxb2+ 19. Kxb2 Qf7 20. gxh4 Nxh4 21. Bh3 Rde8 22. Nb4 Bd7 23. Nd4 Qf6 24. Rhf1 Nxb4 25. axb4 c5 26. bxc5 dxc5 27. Ka2 cxd4 28. exd4 Re4 29. d5 Ng6 30. Bg2 Rxf4 31. Qg3 Rhh4 32. Rxf4 Rxf4 33. Rf1 Qd6 34. Rf3 Kc7 35. c5 Qa6+ 36. Kb2 Qe2+ 37. Ka3 Qe5 38. d6+ Kd8 39. Re3 Re4 40. Qxg6 Qxc5+ 41. Kb2 Qd4+ 42. Ka2 Rxe3 43. Qg5+ Kc8 44. Qg8+ Re8 45. Qg5 Qf2+ 46. Ka3 Qc5+ 47. Kb2 Qxd6 48. Bf1 Kb8 49. Bc4 Qd4+ 50. Ka3 Qc5+ 51. Kb2 Qe5+ 52. Ka3 f4 53. Qh5 Qxh5 0-1

[Event "Titled Tuesday intern op 11th Jan"]
[Site "Chess.com INT"]
[Date "2022.01.11"]
[Round "4"]
[White "Osmak, Iulija"]
[Black "Karavaeva, Olga"]
[Result "1-0"]
[WhiteElo "2432"]
[BlackElo "2260"]
[PlyCount "55"]
[EventDate "2022.01.11"]
[EventType "swiss (blitz)"]
[EventRounds "11"]
[EventCountry "USA"]
[SourceTitle "CBM 206 Extra"]
[Source "ChessBase"]
[SourceDate "2022.03.31"]
[SourceVersion "1"]
[SourceVersionDate "2022.03.31"]
[SourceQuality "1"]

1. e4 c5 2. c3 Nf6 3. e5 Nd5 4. Nf3 e6 5. Bc4 d6 6. d4 Nc6 7. 0-0 Be7 8. dxc5 dxc5 9. Nbd2 Qc7 10. Re1 0-0 11. a4 b6 12. Qe2 Bb7 13. Qe4 Rfd8 14. Bd3 g6 15. Bc2 Na5 16. Qg4 c4 17. h4 h5 18. Qg3 Bf8 19. Bxg6 fxg6 20. Qxg6+ Bg7 21. Ng5 Nf4 22. Qh7+ Kf8 23. Nde4 Bxe4 24. Qxe4 Qxe5 25. Bxf4 Qf6 26. Nxe6+ Kg8 27. Nxd8 Rxd8 28. Bg5 1-0

[Event "Titled Tuesday intern op 04th Jan"]
[Site "Chess.com INT"]
[Date "2022.01.04"]
[Round "6"]
[White "Babiy, Olga"]
[Black "Karavaeva, Olga"]
[Result "1-0"]
[WhiteElo "2261"]
[BlackElo "2260"]
[PlyCount "85"]
[EventDate "2022.01.04"]
[EventType "swiss (blitz)"]
[EventRounds "11"]
[EventCountry "USA"]
[SourceTitle "EXT 2023"]
[Source "ChessBase"]
[SourceDate "2022.10.05"]
[SourceVersion "1"]
[SourceVersionDate "2022.10.05"]
[SourceQuality "1"]

1. d4 d5 2. Bf4 c6 3. Nf3 Bf5 4. Nbd2 e6 5. e3 Bd6 6. Ne5 Ne7 7. g4 Bg6 8. h4 h6 9. h5 Bh7 10. Bh3 Qc7 11. Qf3 Nd7 12. Nxf7 Bxf4 13. Nxh8 0-0-0 14. exf4 Rxh8 15. f5 exf5 16. gxf5 Nf6 17. Rg1 Re8 18. 0-0-0 Neg8 19. Rde1 Rxe1+ 20. Rxe1 Kd8 21. Re6 Ne7 22. Nf1 Bg8 23. Re5 Bf7 24. Ng3 Qd6 25. Qe2 Kd7 26. a3 Kd8 27. Bg4 Kd7 28. f4 Kd8 29. Bf3 Kd7 30. Qe1 b6 31. Qe2 Kd8 32. Qa6 Qc7 33. Qd3 Nc8 34. b3 Nd6 35. Qe3 Nb5 36. Kb2 Qd6 37. b4 Qc7 38. Qg1 Nd6 39. Ne2 Nc4+ 40. Ka2 Nxe5 41. fxe5 Bxh5 42. exf6 Bxf3 43. fxg7 1-0

[Event "Titled Tuesday intern op 04th Jan"]
[Site "Chess.com INT"]
[Date "2022.01.04"]
[Round "11"]
[White "Karavaeva, Olga"]
[Black "Agasarov, Benik"]
[Result "0-1"]
[WhiteElo "2260"]
[BlackElo "2205"]
[PlyCount "38"]
[EventDate "2022.01.04"]
[EventType "swiss (blitz)"]
[EventRounds "11"]
[EventCountry "USA"]
[SourceTitle "EXT 2023"]
[Source "ChessBase"]
[SourceDate "2022.10.05"]
[SourceVersion "1"]
[SourceVersionDate "2022.10.05"]
[SourceQuality "1"]

1. c4 b6 2. Nc3 Bb7 3. b3 e6 4. Bb2 Nf6 5. d4 d5 6. Nf3 Bb4 7. g3 dxc4 8. bxc4 Ne4 9. Qc2 Nc6 10. e3 Na5 11. Bd3 Nxc3 12. Bxc3 Bxc3+ 13. Qxc3 Bxf3 14. 0-0 h5 15. d5 Qf6 16. Qb4 h4 17. e4 hxg3 18. fxg3 Qd4+ 19. Rf2 Qxa1+ 0-1

[Event "Titled Tuesday intern op 04th Jan"]
[Site "Chess.com INT"]
[Date "2022.01.04"]
[Round "2"]
[White "Karavaeva, Olga"]
[Black "Fishbein, Mitch"]
[Result "1-0"]
[WhiteElo "2260"]
[BlackElo "2131"]
[PlyCount "57"]
[EventDate "2022.01.04"]
[EventType "swiss (blitz)"]
[EventRounds "11"]
[EventCountry "USA"]
[SourceTitle "EXT 2023"]
[Source "ChessBase"]
[SourceDate "2022.10.05"]
[SourceVersion "1"]
[SourceVersionDate "2022.10.05"]
[SourceQuality "1"]

1. c4 Nf6 2. Nc3 e5 3. g3 Nc6 4. Bg2 g6 5. Nf3 Bg7 6. b3 0-0 7. Bb2 d6 8. 0-0 a5 9. h3 Re8 10. e3 h5 11. Rc1 e4 12. Ng5 Bf5 13. Ne2 Ne5 14. Nf4 Bh6 15. h4 Bg4 16. Qc2 Bxg5 17. hxg5 Nh7 18. Bxe4 Nxg5 19. Bxg6 fxg6 20. Nxg6 Ngf3+ 21. Kh1 Qg5 22. Nxe5 dxe5 23. Kg2 h4 24. Rh1 h3+ 25. Rxh3 Bxh3+ 26. Kxh3 Kg7 27. Kg2 Rf8 28. Rh1 Rh8 29. Qe4 1-0

[Event "Titled Tuesday intern op 04th Jan"]
[Site "Chess.com INT"]
[Date "2022.01.04"]
[Round "9"]
[White "Novikova, Galina"]
[Black "Karavaeva, Olga"]
[Result "0-1"]
[WhiteElo "2073"]
[BlackElo "2260"]
[PlyCount "60"]
[EventDate "2022.01.04"]
[EventType "swiss (blitz)"]
[EventRounds "11"]
[EventCountry "USA"]
[SourceTitle "EXT 2023"]
[Source "ChessBase"]
[SourceDate "2022.10.05"]
[SourceVersion "1"]
[SourceVersionDate "2022.10.05"]
[SourceQuality "1"]

1. e4 c5 2. Nf3 e6 3. b4 b6 4. bxc5 bxc5 5. c3 Nf6 6. e5 Nd5 7. d4 cxd4 8. cxd4 Nc6 9. Bd3 d6 10. 0-0 dxe5 11. dxe5 Be7 12. Re1 h6 13. Na3 Bd7 14. Nb5 0-0 15. Nd6 Nxe5 16. Nxe5 Bxd6 17. Nxd7 Qxd7 18. Qe2 Rfd8 19. Bb2 Nf4 20. Qg4 f5 21. Bxf5 exf5 22. Qf3 Nd3 23. Qd5+ Kh7 24. Qb3 Rab8 25. Qc3 Rxb2 26. Rf1 Be5 27. Qc4 Qd4 28. Qf7 Rxf2 29. Rxf2 Qxa1+ 30. Rf1 Bd4+ 0-1